LEADER 01069nam0-22003371i-450- 001 990002056020403321 005 20021010 035 $a000205602 035 $aFED01000205602 035 $a(Aleph)000205602FED01 035 $a000205602 100 $a20021010d--------km-y0itay50------ba 101 0 $aita 200 1 $aVoyages et decouvertes scientifiques des missionaires naturalistes francais a travers le monde pendant cinq siecles$fP.Fournier 210 $aParis$cPaul Lechevalier & Fils$d1932 215 $a254 p.$d25 cm 225 1 $aEncyclopédie biologique$v10 300 $a2 parti in una 610 0 $aViaggi 610 0 $aStoria Naturale 610 0 $aEnciclopedie 676 $a600 700 1$aFournier,$bP.$0351617 801 0$aIT$bUNINA$gRICA$2UNIMARC 901 $aBK 912 $a990002056020403321 952 $a61 VIII B.2/03.10$bOPV. 263$fDAGEN 959 $aDAGEN 996 $aVoyages et decouvertes scientifiques des missionaires naturalistes francais a travers le monde pendant cinq siecles$9406255 997 $aUNINA DB $aING01 LEADER 01270nas 2200433 a 450 001 996205542203316 005 20240413015832.0 011 $a1432-0894 035 $a(OCoLC)41210560 035 $a(CKB)954925568800 035 $a(CONSER) 2001229174 035 $a(DE-599)ZDB1471747-5 035 $a(MiAaPQ)54165 035 $a(EXLCZ)99954925568800 100 $a19990420a19869999 sy a 101 0 $aeng 135 $aurcnu||||| 181 $ctxt$2rdacontent 182 $cc$2rdamedia 183 $acr$2rdacarrier 200 10$aClimate dynamics 210 $aBerlin ;$a[Heidelberg] $cSpringer$d[1986-] 300 $a"Observational, theoretical and computational research on the climate system." 300 $aTitle from journal information screen (viewed Mar. 15, 2007). 300 $aRefereed/Peer-reviewed 311 $a0930-7575 606 $aMeteorology$vPeriodicals 606 $aClimatology$vPeriodicals 606 $aMe?te?orologie$vPe?riodiques 606 $aClimatologie$vPe?riodiques 615 0$aMeteorology 615 0$aClimatology 615 6$aMe?te?orologie 615 6$aClimatologie 676 $a551.505 906 $aJOURNAL 912 $a996205542203316 996 $aClimate dynamics$91974947 997 $aUNISA